000 00431pab a2200157 454500
008 180718b2008 xxu||||| |||| 00| 0 eng d
100 _aThompson, Frank J.
245 _aState and local governance fifteen years later: enduring and new challenges
260 _c2008
300 _ap.S8-19.
362 _aDec (Supplement)
650 _aLocal government
773 _aPublic Administration Review
908 _aN
909 _a80549
999 _c80549
_d80549